00932nam a2200181 a 450000100100000000500170001000800410002704000250006811000490009324500520014224600510019426000470024530000200029250502050031295201050051795201110062299900170073300003946920201002031651.0130701s1999 dr 000 0 spa d aDO-SdBNPbspacBNPHU2 aRepública Dominicana :b[Leyes,etc]91108810aRecopilación de leyes de procedimiento penal.14aRecopilación de leyes de procedimiento penal aSanto Domingo :bCongreso Nacional,c1999. a16 p. ;c22 cm.0 tLey no. 1014 que modifica los procedimientos correccional y criminal, G.O. 4840tLey no. 1822, sobre sustitución miembros del Ministerio Público,G.O. 6847tLey no. 164, Ley de libertad condicional 0010718PDaPDbPDcCTd2013-07-01iLF1l0o p39469-10r2020-06-25w2020-06-25yLFPDZNo se presta 0010718PDaPDbPDcCTd2013-07-01iLF1l0o p39469-20r2020-06-25te. 2w2020-06-25yLFPDZNo se presta c38959d38959